| 000 | 01330nam a2200409 c 4500 | ||
|---|---|---|---|
| 001 | 20262 | ||
| 003 | ES-MaCES | ||
| 005 | 20141221122642.0 | ||
| 008 | 070702s2007 sp t 000 | spa d | ||
| 017 |
_aM 17231-2007 _bDL |
||
| 020 | _a9788497257770 | ||
| 035 | _aCES20070008031m | ||
| 040 |
_aES-MaCES _bspa _cES-MaCES |
||
| 100 | 1 |
_aLlompart Bennàssar, Magdalena _916709 |
|
| 245 | 1 | 3 |
_aEl salario _b: concepto, estructura y cuantía _cMagdalena Llompart Bennàssar ; prólogo de Remedios Roqueta Buj |
| 250 | _a1ª ed | ||
| 260 |
_aLas Rozas (Madrid) _bLa Ley _c2007 |
||
| 300 |
_a740 p. _c24 cm |
||
| 490 | 1 | _aTemas, La Ley | |
| 500 | _aÍndices | ||
| 504 | _aBibliografía: p. 685-721 | ||
| 541 | _cCompra | ||
| 650 | 4 |
_asalario _928387 |
|
| 650 | 4 |
_aestructura de los salarios _928393 |
|
| 650 | 4 |
_adeterminación del salario _928388 |
|
| 650 | 4 |
_asistema de remuneración _928390 |
|
| 650 | 4 |
_aparticipación obrera por acciones _928394 |
|
| 650 | 4 |
_aderecho del trabajo _927165 |
|
| 650 | 4 |
_aEspaña _926964 |
|
| 650 | 4 |
_arégimen jurídico _929894 |
|
| 653 | 1 | 0 | _aDerecho del trabajo y Seguridad Social |
| 700 | 1 |
_aRoqueta Buj, Remedios _ecol. _922614 |
|
| 830 | 0 |
_aTemas / La Ley _934262 |
|
| 902 | _aLIB Libro | ||
| 942 |
_2CES _cBK _h6.0.1. |
||
| 999 |
_c20262 _d20262 |
||